000 00473cam a2200181ua 4500
001 3046
008 110922n ii |||gr||||Z||||||asm
040 _cMAIN
082 _a920
100 _aBhagawati, Bimal,
245 1 1 _aJatia kangrasar karnadharsakal
_cby Bimal Bhagawati
250 _a1st.
260 _aGuahati:
_bPublication board assam,986.
300 _a201p:
_c23cm.
653 _aBiography of Jatia kangrasar karnadharsakal
653 _aBiography
942 _cBK
999 _c2893
_d2893